Agua, azucarillos y aguardiente : (Record no. 116758)
[ view plain ]
| 000 -LEADER | |
|---|---|
| fixed length control field | 00785nam a22002177a 4500 |
| 005 - DATE AND TIME OF LATEST TRANSACTION | |
| control field | 20160517105647.0 |
| 008 - FIXED-LENGTH DATA ELEMENTS--GENERAL INFORMATION | |
| fixed length control field | 160517b sp||||| |||| 00| 0 spa d |
| 020 ## - INTERNATIONAL STANDARD BOOK NUMBER | |
| International Standard Book Number | 8423127591 |
| 050 04 - LIBRARY OF CONGRESS CALL NUMBER | |
| Classification number | PQ6559.R2 |
| Item number | A38 1986 |
| 245 00 - TITLE STATEMENT | |
| Title | Agua, azucarillos y aguardiente : |
| Remainder of title | Pasillo veraniego en un acto / |
| Statement of responsibility, etc | libreto de Miguel Ramos Carrión ; musica Federico Chueca : Estudio y comentarios de Roger Alier. |
| 250 ## - EDITION STATEMENT | |
| Edition statement | 1a ed. |
| 260 ## - PUBLICATION, DISTRIBUTION, ETC. (IMPRINT) | |
| Place of publication, distribution, etc | Madrid : |
| Name of publisher, distributor, etc | Ediciónes Daimon, |
| Date of publication, distribution, etc | 1986 |
| 300 ## - PHYSICAL DESCRIPTION | |
| Extent | 91 p. : |
| Other physical details | il. ; |
| Dimensions | 19 cm. |
| 440 #0 - SERIES STATEMENT/ADDED ENTRY--TITLE | |
| Title | Introducción al Mundo de la Zarzuela |
| 504 ## - BIBLIOGRAPHY, ETC. NOTE | |
| Bibliography, etc | Incluye discografía e índice |
| 650 #4 - SUBJECT ADDED ENTRY--TOPICAL TERM | |
| Topical term or geographic name as entry element | Zarzuela |
| General subdivision | Teatro |
| 700 1# - ADDED ENTRY--PERSONAL NAME | |
| Personal name | Ramos Carrion, Miguel, |
| Fuller form of name | libreto |
| 700 1# - ADDED ENTRY--PERSONAL NAME | |
| Personal name | Chueca, Federico, |
| Fuller form of name | mus. |
| 700 1# - ADDED ENTRY--PERSONAL NAME | |
| Personal name | Alier, Roger, |
| Fuller form of name | est. |
| 942 ## - ADDED ENTRY ELEMENTS (KOHA) | |
| Source of classification or shelving scheme | Biblioteca del Cogreso de los Estados Unidos |
| Koha item type | Libro |
| Estado de pérdida | Fuente de clasificación | Estado del daño | No para préstamo | Ubicación permanente | Ubicación actual | Apartado o colección | Fecha de adquisición | Fuente de adquisición | Edición | Enumeración de Serie / Cronológica | Área del conocimiento | Clasificación | Código de Barras | Date last seen | Número de copia | Tipo de recurso | Nota pública |
|---|---|---|---|---|---|---|---|---|---|---|---|---|---|---|---|---|---|
| Biblioteca del Cogreso de los Estados Unidos | Biblioteca de la Facultad de Letras | Biblioteca de la Facultad de Letras | General | 17/05/2016 | Donación | 1a ed. | LLH000008128 | Educación y Humanidades | PQ6559.R2 A38 1986 | LLH000008128 | 17/05/2016 | C:1 | Libro | General | |||
| Biblioteca del Cogreso de los Estados Unidos | Biblioteca de la Facultad de Letras | Biblioteca de la Facultad de Letras | General | 17/05/2016 | Donación | 1a ed. | LLH000008129 | Educación y Humanidades | PQ6559.R2 A38 1986 | LLH000008129 | 17/05/2016 | C:2 | Libro | General |